00317pab a2200121 454500008004000000100002200040245006300062260000900125300001400134362001100148650001800159773001800177180718b2008 xxu||||| |||| 00| 0 eng d aSalla, Michael E. aExopolitics: discipline of choice for public policy issues c2008 ap.114-29. aSummer aPublic policy aWorld Affairs